000 00483nam a22001937a 4500
003 OSt
005 20140310182825.0
008 130528t xxu||||| |||| 00| 0 eng d
050 _aBX 9178
_b.B181 1970
082 _aM 231.7
_bB19 1970
245 _aGod Came Down
_cBaldwin, John S.
260 _aNew York
_bHoly Cross Publications
_c1970
300 _a72 p.
521 _acollege students
526 _c1210L-1700L
541 _j1`
562 _e1
942 _2lcc
_cBK
_kM
999 _c16473
_d16473